Fr. Conceicao Rodrigues College of Engineering

5 AM clib: Own your morning elevate your life (Record no. 35997)

MARC details
000 -LEADER
fixed length control field 00268 a2200109 4500
000 - LEADER
fixed length control field nam a22 7a 4500
020 ## - INTERNATIONAL STANDARD BOOK NUMBER
International Standard Book Number 9789387944893
100 ## - MAIN ENTRY--PERSONAL NAME
Personal name Sharma,Robin
9 (RLIN) 111
245 ## - TITLE STATEMENT
Title 5 AM clib: Own your morning elevate your life
260 ## - PUBLICATION, DISTRIBUTION, ETC.
Name of publisher, distributor, etc. Jaico
Date of publication, distribution, etc. 2018
264 ## - PRODUCTION, PUBLICATION, DISTRIBUTION, MANUFACTURE, AND COPYRIGHT NOTICE
Name of producer, publisher, distributor, manufacturer Jaico

No items available.